| 000 | 00512nam a2200169 i 4500 | ||
|---|---|---|---|
| 001 | 9075 | ||
| 003 | ES-MaACL | ||
| 005 | 20230906145610.0 | ||
| 007 | t| | ||
| 008 | 930203q1990 bl 00010 spa d | ||
| 080 | _a141.3 | ||
| 245 | 0 | 0 |
_aEvolución consciente : _bla mayor de todas las conquistas humanas : logosofía, una nueva cultura para la humanidad. |
| 260 |
_aSao Paulo : _bEditora Logosófica, _c[ca. 1990] |
||
| 300 |
_a16 p. ; _c28 cm. |
||
| 650 | 4 |
_aLogosofía. _914703 |
|
| 852 | 4 |
_aES-MaACL _j2139-F-12 |
|
| 999 |
_c9075 _d9075 |
||